| 000 | 00759nam a22002172 4500 | ||
|---|---|---|---|
| 001 | 0000012921 | ||
| 005 | 20151217152117.0 | ||
| 008 | 090402s xx 000 0 eng d | ||
| 020 | _a9966213910 : | ||
| 040 |
_aKABU _cKABU |
||
| 110 | 2 |
_aCatholic Church. _bCongregation of the Clergy. _@0000169925 |
|
| 245 | 1 | 0 |
_aPermanent deacons : _bbasic norms for the formation of permanent deacons; directory for the ministry and life of permanent deacons. |
| 250 | _a1st ed. | ||
| 260 |
_aNairobi : _bPaulines, _c1998. |
||
| 300 | _a109 p. | ||
| 610 | 2 | 0 |
_aCatholic Church _xClergy _xTraining of. _@0000168170 |
| 650 | 0 |
_aDeacons _xCatholic Church. _@0000169926 |
|
| 852 | 1 | _9p100 KES | |
| 908 | _a090402 | ||
| 950 | _@1 | ||
| 999 |
_c8375 _d8375 |
||